Experiences with integrated-conservation development projects in Asia (Бичлэгийн дугаар. 146410)
| 000 -УДИРДЛАГА | |
|---|---|
| Удирдлага | 01621nam a22003017a 4500 |
| 003 - ХЯНАЛТЫН ТОО ТОДОРХОЙЛОГЧ | |
| Код | MN-UlNUM |
| 005 - БИЧИЛТ ХИЙСЭН ОГНОО | |
| Тухайн бичилтийг бичсэн засварласан сүүлийн огноо | 20260310170749.0 |
| 008 - ЕРӨНХИЙ МЭДЭЭЛЭЛ | |
| Ерөнхий мэдээлэл | 260310s1997 dcu b i001 0 eng |
| 020 ## - ISBN | |
| ISBN | 0821340840 |
| -- | 0821340844 |
| 040 ## - БИЧЛЭГ ҮҮСГЭГЧ БАЙГУУЛЛАГА | |
| Бичлэг үүсгэгч номын сангийн код | МУИС-ийн номын сан |
| 084 ## - ББК АНГИЛАЛ | |
| Нэмэлт тусгалт | Нэг сэдэвт бүтээл |
| ББК ангилал | 60.56 |
| Зохиогчийн гурван тэмдэгт | S 20 |
| Мэдлэгийн ялгаа | 6 - Нийгэм |
| 100 ## - ЗОХИОГЧ | |
| Зохиогчийн нэр | Sanjayan, M. A |
| 245 ## - ҮНДСЭН ГАРЧИГ | |
| Номын нэр | Experiences with integrated-conservation development projects in Asia |
| 260 ## - ГАРАЛТЫН МЭДЭЭ | |
| Хэвлэгдсэн газар | Washington, D.C |
| Хэвлэлийн газар | World Bank |
| Хэвлэгдсэн он | 1997 |
| 300 ## - МАТЕРИАЛЫН ТОДОРХОЙЛОЛТ | |
| хуудасны тоо | vii, 41 p. ; |
| Хэмжээ | 28 cm |
| 490 ## - БОТЬ / ЦУВРАЛЫН ТУХАЙ МЭДЭЭ | |
| Боть / цувралын зохиогч | World Bank technical paper |
| Боть / цувралын дугаар | no. 388 |
| ISSN | 0253-7494 |
| 500 ## - Тайлбар | |
| Дансны дугаар | БС 4408 |
| 505 ## - Агуулгын тэмдэглэгээ | |
| Агуулгын тэмдэглэгээ | Strategic Creating Competitive Advantages (Concepts only), sixth Edition, by the prestigious authors Dess/Lumpkin/Eisner and new co-author Gerry McNamara provide solid treatment of traditional topics in strategic management as well as thorough coverage of contemporary topics such intellectual assets, entrepreneurship, innovation, knowledge management, Internet strategies, crowdsourcing, environmental sustainability, businesses’ use of blogs and social networking sites and more. The text is rounded off by rich, relevant, and teachable cases. This text’s accessible writing style and wealth of new and updated illustrations, which clarify the most difficult topics, make this text the best resource for your students. |
| 546 ## - ХЭЛНИЙ ТУХАЙ МЭДЭЭ | |
| Хэл | Англи хэл дээр, |
| 653 ## - Түлхүүр үг | |
| Түлхүүр үг | economic development projects |
| 653 ## - Түлхүүр үг | |
| Түлхүүр үг | environmental aspects |
| 653 ## - Түлхүүр үг | |
| Түлхүүр үг | sustainable development |
| 700 ## - ХАМ ЗОХИОГЧИД | |
| Ба бус | Shen, Susan |
| 700 ## - ХАМ ЗОХИОГЧИД | |
| Ба бус | Jansen, Malcolm |
| 942 ## - ЭЛЕМЕНТИЙН ТӨРӨЛ | |
| Зүйлийн төрөл | Ном |
